[Event "Avoine op 21th"]
[Site "Avoine"]
[Date "2006.07.22"]
[Round "1"]
[White "Dureau, Laurent"]
[Black "Giua, Stephanie"]
[Result "1-0"]
[WhiteElo "1868"]
[BlackElo "1976"]
[PlyCount "37"]
[EventDate "2006.07.22"]
[EventType "swiss"]
[EventRounds "9"]
[EventCountry "FRA"]
[SourceTitle "EXT 2007"]
[Source "ChessBase"]
[SourceDate "2006.11.23"]
[SourceVersion "1"]
[SourceVersionDate "2006.11.23"]
[SourceQuality "1"]

1. e4 c5 2. b3 Nc6 3. Bb2 e6 4. Nf3 d5 5. exd5 exd5 6. Bb5 Bd7 7. 0-0 Qc7 8. Re1+ Nge7 9. Ne5 Nxe5 10. Bxe5 Qd8 11. Nc3 Bc6 12. Qf3 f6 13. Bxc6+ bxc6 14. Bxf6 Qd7 15. Bh4 0-0-0 16. Na4 Qd6 17. Bg3 Qh6 18. Nxc5 Qg5 19. Qd3 1-0

[Event "FRA-ch op-B"]
[Site "Chartres"]
[Date "2005.08.24"]
[Round "8"]
[White "Castel, Efflam"]
[Black "Dureau, Laurent"]
[Result "0-1"]
[WhiteElo "1890"]
[BlackElo "1929"]
[PlyCount "36"]
[EventDate "2005.08.15"]
[EventType "swiss"]
[EventRounds "11"]
[EventCountry "FRA"]
[SourceTitle "EXT 2006"]
[Source "ChessBase"]
[SourceDate "2005.11.24"]
[SourceVersion "1"]
[SourceVersionDate "2005.11.24"]
[SourceQuality "1"]

1. d4 Nf6 2. c4 g6 3. Nc3 Bg7 4. e4 d6 5. Be2 0-0 6. Bg5 h6 7. Be3 e5 8. d5 a5 9. a3 a4 10. g4 Bd7 11. g5 hxg5 12. Bxg5 Qe8 13. h4 Nh7 14. Qd2 Nxg5 15. Qxg5 f6 16. Qg3 Bh6 17. Bh5 Kh7 18. Be2 Bf4 0-1

[Event "FRA-ch op-B"]
[Site "Chartres"]
[Date "2005.08.21"]
[Round "6"]
[White "Grego, Pierre"]
[Black "Dureau, Laurent"]
[Result "1-0"]
[WhiteElo "1913"]
[BlackElo "1929"]
[PlyCount "113"]
[EventDate "2005.08.15"]
[EventType "swiss"]
[EventRounds "11"]
[EventCountry "FRA"]
[SourceTitle "EXT 2006"]
[Source "ChessBase"]
[SourceDate "2005.11.24"]
[SourceVersion "1"]
[SourceVersionDate "2005.11.24"]
[SourceQuality "1"]

1. e4 c5 2. Nc3 Nc6 3. g3 g6 4. Bg2 Bg7 5. d3 e6 6. Be3 d6 7. f4 Nge7 8. Nf3 Nd4 9. 0-0 Rb8 10. e5 Nef5 11. Bf2 b5 12. Ne4 Bb7 13. c3 Nxf3+ 14. Bxf3 dxe5 15. fxe5 Bxe5 16. Nxc5 Bd5 17. d4 Bg7 18. g4 Ne7 19. Bg3 Rb6 20. Bxd5 Nxd5 21. Qf3 0-0 22. Rae1 b4 23. Be5 bxc3 24. bxc3 Rb2 25. Bxg7 Kxg7 26. Qxf7+ Rxf7 27. Nxe6+ Kh6 28. Nxd8 Rxf1+ 29. Rxf1 Ne3 30. Rf3 Rb1+ 31. Kf2 Nxg4+ 32. Kg3 Kh5 33. h3 Nh6 34. Kf4 Re1 35. Re3 Rf1+ 36. Ke5 Nf5 37. Rd3 Re1+ 38. Kd5 Ne3+ 39. Kc6 Kh4 40. d5 Kxh3 41. d6 Kg2 42. d7 Nc4 43. Nf7 Na5+ 44. Kc7 Re7 45. Ne5 g5 46. Kc8 Rxe5 47. d8Q Rc5+ 48. Kd7 Nc4 49. Qa8+ Kh2 50. Ke7 g4 51. Qb8+ Re5+ 52. Kf6 g3 53. Qg8 Re3 54. Qxh7+ Kg1 55. Rd1+ Kf2 56. Qc2+ Re2 57. Qf5+ 1-0

[Event "FRA-ch op-B"]
[Site "Chartres"]
[Date "2005.08.19"]
[Round "4"]
[White "Wojtkowski, Frederic"]
[Black "Dureau, Laurent"]
[Result "1/2-1/2"]
[WhiteElo "1859"]
[BlackElo "1929"]
[PlyCount "63"]
[EventDate "2005.08.15"]
[EventType "swiss"]
[EventRounds "11"]
[EventCountry "FRA"]
[SourceTitle "EXT 2006"]
[Source "ChessBase"]
[SourceDate "2005.11.24"]
[SourceVersion "1"]
[SourceVersionDate "2005.11.24"]
[SourceQuality "1"]

1. e4 c5 2. Nf3 d6 3. d4 cxd4 4. Nxd4 Nf6 5. Nc3 g6 6. Be2 Bg7 7. Be3 0-0 8. f3 Nc6 9. Qd2 Bd7 10. 0-0-0 Rc8 11. h4 Ne5 12. Bh6 Bxh6 13. Qxh6 Rxc3 14. bxc3 Qa5 15. Kb2 Rc8 16. Qe3 b5 17. Ra1 Be8 18. Rhb1 h5 19. Nb3 Qc7 20. Kc1 d5 21. Nd4 dxe4 22. Nxb5 Bxb5 23. Rxb5 a6 24. Rb3 Nd5 25. Qd2 exf3 26. gxf3 Rd8 27. Qe1 Qa7 28. Kb2 Ne3 29. Rb4 Nc6 30. Rb3 Na5 31. Rb4 Nc6 32. Rb3 1/2-1/2